000 00292nam a2200121Ia 4500
008 220204s9999 xx 000 0 und d
082 _a633.5
_bIND
245 0 _aCommodity note: Coir rope
260 _aCochin
_bCoir board
_c1969
650 _aCoir rope
650 _aWorld output
942 _cBK
999 _c22326
_d22326